000 01154nam a2200397 b 4500
001 0017953
003 DO-SdBNP
005 20221109122013.0
007 0017953
008 020712s2002 sp | ||| ||spa
016 7 _a
_2BPMSU
017 _a
_b
020 _a8430604634
035 _a
040 _aBPMSU
_bspa
_cBPMSU
_e
041 _h
082 4 _a909.6
_bW741m 2002
_222
100 1 _aWills, John E.,
_d1936-
245 1 0 _a1688 :
_buna historia global /
_cJohn E. Wills Jr. ; traducción de Isabel Salido.
_h
246 1 8 _aMil seicientos ochenta y ocho :
_buna historia global
260 _aMadrid :
_bTaurus,
_c2002
300 _a436 p. :
_c 24 cm.
_bil., mapas ;
490 0 _aTaurus historia
500 _aIncluye índice
590 _6Inventario, 2022/VM
650 4 _aHISTORIA UNIVERSAL
650 4 _aISLAMISMO
_y1688
651 4 _aFrancia
_xHistoria
_y1688
651 4 _aLondres) (Ingrlaterra)
_xHISTORIA
_y1688
700 1 _aSalido, Isabel,
_etr.
830 0 _aTaurus historia
910 _aVMateo V. /Validado
942 _2ddc
_cBK
945 _a
956 _a VMATEO
_b10
_c20160906
_dBPMSU
_f0069
999 _c11344
_d11344